And Then There Were None Franchise - Statistics

General Stats
  • This quiz has been taken 23 times
  • The average score is 7 of 13
Answer Stats
Type Year Name Info % Correct
Novel 1939 And Then There Were None Agatha Christie
100%
Play 1943 And Then There Were None Agatha Christie
100%
Video Game 2005 Agatha Christie: And Then There Were None The Adventure Company
93%
Film 1945 And Then There Were None 20th Century Fox
93%
Film 1974 And Then There Were None AVCO Embassy Pictures
93%
TV Mini-Series 2015 And Then There Were None BBC One
93%
Film 1987 Desyat Negrityat Goskino USSR
43%
Film 1989 Ten Little Indians Cannon Films
36%
Film 1965 Ten Little Indians Warner-Pathé / Seven Arts
29%
Film 2015 Aatagara Dwarakish Chitra
0%
Film 1965 Gumnaam Prithvi Pictures
0%
Film 1970 Nadu Iravil S. B. Creations
0%
Musical 1976 Something's Afoot James McDonald / David Vos / Robert Gerlach / Ed Linderman
0%
No matching quizzes found
Score Distribution
Percent of People with Each Score
Percentile by Number Answered
Your Score History
You have not taken this quiz